01121nam a2200241 a 4500001001500000005001700015008004100032020003500073020003000108040000600138050000900144082001000153100002100163245007900184250001200263260004100275300002100316520038600337650001300723650002200736650003900758856008200797ASIN023052180020170105102903.0131021s2007 xxu eng d a0230521800 (paperback)c$43.00 a9780230521803 (paperback) a004aJA7104a320.51 aHeywood, Andrew.10aPolitical ideologies, fourth edition :ban introduction /cAndrew Heywood. a4th ed. a[S.l.] :bPalgrave Macmillan,c2007. a432 p. ;c24 cm. aThis revised and updated fourth edition of the leading text on political ideologies contains a new chapter on multiculturalism, consideration of the changing nature of ideological discourse, including the transition from "traditional" to "new" ideologies, and coverage of the impact on the major ideolgoical traditions of developments such as globalization and the "war on terror". 0aIdeology 0aPolitical science 0aRight and left (Political science)403Amazon.comuhttp://www.amazon.com/exec/obidos/ASIN/0230521800/chopaconline-20